| 000 | 00686nac a22001931u 4500 | ||
|---|---|---|---|
| 082 |
_a297.1226 _bRED |
||
| 090 |
_c6043 _d6043 |
||
| 100 | _aReda, Mohamed Rashed | ||
| 245 |
_aTafseer Al Manar : ( vol.7,8) _bTafseer Al Quraan Al Hakim Al Mosama / _cMohamed Abdo ; Mohamed Rashed Reda _n7,8 |
||
| 260 |
_aCairo: _bAl Hayaa Al Masreya Al Ama Lel Ketab,1973 ; 1974. _cc1973 ; 1974. |
||
| 300 |
_a2 v.; Various p.; _bill.; _c30 cm. |
||
| 500 | _aArabic Books | ||
| 500 | _aDistributer :Alef Baa | ||
| 511 | _aCatalogued by: Sara | ||
| 650 | _aAl Quraan Tafseer. | ||
| 650 | _aAbdo, Mohamed. | ||
| 700 | _aAbdo, Mohamed | ||
| 942 |
_cNB _k297.1226 RED |
||
| 999 |
_c6043 _d6043 |
||